The Oxford handbook of European Romanticism

Titel: The Oxford handbook of European Romanticism / edited by Paul Hamilton
Beteiligt:
Ausgabe: First edition
Veröffentlicht: Oxford, United Kingdom : Oxford University Press, 2016
Umfang: xvii, 838 Seiten : Karten
Format: Buch
Sprache: Englisch
Schriftenreihe/
mehrbändiges Werk:
Oxford handbooks of literature
RVK-Notation:
Schlagworte:
ISBN: 9780199696383
Buchumschlag
X
alg: 36702366
001A    $06057:28-11-15 
001B    $00077:07-12-20 $t07:30:28.000 
001C    $04504:09-02-18 $t12:44:53.000 
001D    $00026:02-08-16 
001U    $0utf8 
001X    $00 
002@    $0Aau 
002C    $aText $btxt $2rdacontent 
002D    $aohne Hilfsmittel zu benutzen $bn $2rdamedia 
002E    $aBand $bnc $2rdacarrier 
003@    $0367023660 
003O    $0951152085 $aOCoLC 
004A    $A978-0-19-969638-3 $fhbk : £95.00 
006B    $0GBB5F6903 
007A    $0367023660 $aHEB 
009P    $qapplication/pdf $A2 $3Inhaltsverzeichnis $uhttp://scans.hebis.de/HEBCGI/show.pl?36702366_toc.pdf $mV:DE-604 
009P    $qapplication/pdf $A2 $3Klappentext $uhttp://scans.hebis.de/HEBCGI/show.pl?36702366_kla.pdf $mV:DE-576;B:DE-21 
010@    $aeng 
010E    $erda 
011@    $a2016 
021A    $aThe @Oxford handbook of European Romanticism $hedited by Paul Hamilton 
027A    $aHandbook of European Romanticism 
027A/01 $aEuropean Romanticism 
028C    $BHerausgeber $#Hamilton, Paul William Alexander $#Hamilton, P. W. A. $4edt $717212378X $8Hamilton, Paul$Z1950- [Tp3] $9296325155 
032@    $aFirst edition 
033A    $pOxford, United Kingdom $nOxford University Press 
034D    $axvii, 838 Seiten 
034M    $aKarten 
036G    $aOxford handbooks of literature 
037A    $aLiteraturangaben 
039U    $aRezensiert in $8--Aou--Wiesenfeldt, Christiane$Z1972- [Tp1]. The @Oxford handbook of European Romanticism, 2018 $9425759075 
039U    $8--Oou--Sonenscher, Michael$Z1947- [Tp3]. [The Oxford handbook of European romanticism], 2017. - DOI 10.1080/01916599.2016.1199349 $9468068651 
041K    $aRomanticism--Europe 
044K    $RBiedermeier $#Romanticism $#Romantisme $#Romanticismo $#Romantik $#Frühromantik $#Spätromantik $74050491-8 $8Romantik [Ts1] $9085140775 
045B    $a809.9145 $eDDC23eng 
045V    $814.04.00$jStudien [Tkx] $9118845381 
045Z    $8AK 16700 [Tkv] $9407074686 
045Z    $8EC 5174 [Tkv] $940772933X 

lok: 36702366 3
101B    $020-10-16 $t04:49:40.000 
101C    $006-09-16 
101U    $0utf8 
145S/01 $a712 
145S/02 $a720 

exp: 36702366 3 1 #EPN
201B/01 $030-09-16 $t09:26:38.000 
201C/01 $006-09-16 
201U/01 $0utf8 
203@/01 $078173374X 
208@/01 $a30-09-16 $bzAa 
209A/01 $aQ 90.759.20 $du $f000 $hQ 90 759 20 $x00 
209G/01 $a90759205 $x00 
247C/01 $8601000-3 <30>Frankfurt, Universitätsbibliothek J. C. Senckenberg, Zentralbibliothek (ZB) $9102598258 

exp: 36702366 3 2 #EPN
201B/02 $015-10-20 $t12:37:04.000 
201C/02 $015-09-20 
201U/02 $0utf8 
203@/02 $01122926081 
208@/02 $a15-10-20 $bzCh 
209A/02 $aDienstzimmer: 01/EC 5174 H219 $ds $f330 $h01 EC 5174 H219 $x00 
209B/02 $a4362 $x05 
209B/02 $a4354.1020 $x08 
209C/02 $aBzG-2020/3197 
209G/02 $a1005138940 $x00 
209G/02 $aDienstzimmer Middelhoff, Inst. f. Dt. Literatur u. ihre Didaktik, Raum 1.212 $x01 
220C/02 $as (urspr. Ausleihcode; Kategorie nicht löschen!) 
247C/02 $8601330-2 <30/330>Frankfurt, Universitätsbibliothek J. C. Senckenberg, Bibliothekszentrum Geisteswissenschaften (BzG) $9102599378 

lok: 36702366 62

exp: 36702366 62 1 #EPN
201B/01 $011-10-16 $t22:44:36.000 
203@/01 $0784498091 
208@/01 $a11-10-16 $be 
209A/01 $a/ $f000 $x00 
209B/01 $a2016 $x05 
247C/01 $8Frankfurt, Bibliographie der Deutschen Sprach- und Literaturwissenschaft $9113214561 
201U/01 $0utf8 

lok: 36702366 78

exp: 36702366 78 1 #EPN
201B/01 $019-08-20 $t12:13:37.000 
201C/01 $019-08-20 
201U/01 $0utf8 
203@/01 $01118204778 
208@/01 $a19-08-20 $be 
209A/01 $a/ $f000 $x00 
209A/01 $ab*p $x01 
220C/01 $apgar 
247C/01 $82080>Marburg/Lahn, Herder-Institut, Forschungsbibliothek, Bibliographieportal $9336309341 

lok: 36702366 204

exp: 36702366 204 1 #EPN
201B/01 $015-08-16 $t10:38:12.000 
201C/01 $006-07-16 
201U/01 $0utf8 
203@/01 $0777696290 
208@/01 $a15-08-16 $bzUB 
209A/01 $a000 EC 5174 H219 O98 $du $f000 $x00 
209G/01 $a61984496 $x00 
245S/01 $a19000 $x01 
247C/01 $8631000-x <26>Gießen, Universität Gießen, Universitätsbibliothek Gießen $9102596697
LEADER 00000cam a2200000 c 4500
001 367023660
003 DE-603
005 20201207073028.0
007 tu
008 151128s2016 xx |||| | u00||u|eng c
020 |a 9780199696383  |c hbk : £95.00 
035 |a (DE-599)HEB367023660 
035 |a (OCoLC)951152085 
040 |a DE-603  |b ger  |c DE-603  |d DE-603  |e rda 
041 |a eng 
082 7 |a 809.9145  |2 23/eng 
084 |a AK 16700  |0 (DE-625)2534:  |0 (DE-603)407074686  |2 rvk 
084 |a EC 5174  |0 (DE-625)20599:12019  |0 (DE-603)40772933X  |2 rvk 
245 0 0 |a ˜Theœ Oxford handbook of European Romanticism  |c edited by Paul Hamilton 
246 1 3 |a Handbook of European Romanticism 
246 1 3 |a European Romanticism 
250 |a First edition 
264 1 |a Oxford, United Kingdom  |b Oxford University Press  |c 2016 
300 |a xvii, 838 Seiten  |b Karten 
336 |a Text  |b txt  |2 rdacontent 
337 |a ohne Hilfsmittel zu benutzen  |b n  |2 rdamedia 
338 |a Band  |b nc  |2 rdacarrier 
490 0 |a Oxford handbooks of literature 
500 |a Literaturangaben 
650 7 |a Romantik  |0 (DE-588)4050491-8  |0 (DE-603)085140775  |2 gnd 
700 1 |a Hamilton, Paul  |d 1950-  |e Herausgeber  |4 edt  |0 (DE-603)296325155  |0 (DE-588)17212378X  |2 gnd 
787 0 8 |i Rezensiert in  |a Wiesenfeldt, Christiane, 1972-  |t ˜Theœ Oxford handbook of European Romanticism  |w (DE-603)425759075 
787 0 8 |i Rezensiert in  |a Sonenscher, Michael, 1947-  |t [The Oxford handbook of European romanticism]  |o 10.1080/01916599.2016.1199349  |w (DE-603)468068651 
856 4 2 |m V:DE-604  |q application/pdf  |u http://scans.hebis.de/HEBCGI/show.pl?36702366_toc.pdf  |3 Inhaltsverzeichnis 
856 4 2 |m V:DE-576;B:DE-21  |q application/pdf  |u http://scans.hebis.de/HEBCGI/show.pl?36702366_kla.pdf  |3 Klappentext 
924 0 |9 30  |a (DE-603)78173374X  |b DE-30  |c HES  |d c  |g Q 90.759.20 
924 0 |9 30/330  |a (DE-603)1122926081  |b DE-30-330  |c HES  |d d  |g Dienstzimmer: 01/EC 5174 H219 
924 0 |9 603  |a (DE-603)784498091  |b DE-603  |c HES  |d d 
924 0 |9 2080  |a (DE-603)1118204778  |b DE-2080  |c HES  |d d  |g / 
924 0 |9 26  |a (DE-603)777696290  |b DE-26  |c HES  |d c  |g 000 EC 5174 H219 O98